| 000 | 01240nam a2200229Ia 4500 | ||
|---|---|---|---|
| 003 | Ost | ||
| 005 | 20260507074905.0 | ||
| 008 | 260507s9999||||xx |||||||||||||| ||und|| | ||
| 040 | _cfsecg | ||
| 041 | _aara | ||
| 082 | _a658.8 | ||
| 100 |
_aمعلا، ناجي _eمؤلف |
||
| 245 | 0 |
_aالأصول العلمية في إدارة المبيعات / _c ناجي معلا |
|
| 250 | _aطبعة 3 (مزيدة ومنقحة) | ||
| 260 |
_aعمان: _b[دون ناشر], _c2007 |
||
| 300 |
_a465 صفحة؛ _bإيضاحات ؛ _c25 سم |
||
| 504 | _aببليوغرافيا: ص.297 | ||
| 520 | _aمقدمة الى إدارة المبيعات، تنظيم النشاط البيعي، تخطيط النشاط البيعي، تقدير المبيعات وطرق التنبؤ بها، تقييم الأداء البيعي والرقابة عليه، تخطيط القوى البيعية، اختيار وتعيين مندوبي البيع، تدريب مندوبي البيع والتنمية مهاراتهم، تعويض ومكافأة مندوبي البيع، تحفيز مندوبي البيع، الإشراف على مندوبي البيع | ||
| 653 | _aأدارة المبيعات | ||
| 653 | _aالتسويق | ||
| 942 | _cكتاب | ||
| 999 |
_c41691 _d41691 |
||